000 00719nam a2200265Ia 4500
003 OSt
005 20220925225747.0
006 a|||||r|||| 00| 0
007 ta
008 220923b |||||||| |||| 00| 0 eng d
020 _a0421292008
037 _cGeneral Book
040 _aRTL
_cRTL
_beng
041 _2eng
_aeng
082 _aX91:6, K4;M2
100 _aBates James
_9292866
245 0 _aFinancing of small business
250 _a3rd
260 _aLondon
_bSweet and Mexwell
_c1982
300 _a243p.
_ccm.
650 _aIndustrial Economics
700 _a Hally Desmond L
_9292867
942 _hX91:6, K4;M2
_cGB
_2CC
999 _c584127
_d584127